000 00674nam a22001817a 4500
020 _qHard Cover.
082 _a621.3
100 _a Saleem, Armaghan ; Mahmood, Saad ; Mubasher, Arbaz
245 _aReal-time semantic/Scene analysis Using Deep Learning
_cArmaghan Saleem ; Saad Mahmood ; Arbaz Mubasher
260 _aIslamabad :
_bSEECS - NUST,
_c2018.
300 _a29 p. : ill. ;
_c30cm.
563 _aHBK.
650 _aElectrical (Electronics)Enbgineering-Project Report.
_9109162
700 _aDr. Ahmed Salman.
_930764
856 _uhttp://10.250.8.41:8080/xmlui/handle/123456789/28737
942 _2ddc
_cPR
999 _c535941
_d535941